MARC

LEADER 00000nam0a2200000 4500
001 284646
005 20231101235721.0
035 |a (RuTPU)RU\TPU\book\308825 
090 |a 284646 
100 |a 20150217d1958 k y0rusy50 ca 
101 0 |a rus 
102 |a RU 
105 |a a z 001zy 
200 1 |a Палеомагнитная корреляция осадочных толщ  |f А. Н. Храмов 
210 |a Ленинград  |c Гостоптехиздат  |d 1958 
215 |a 219 с.  |c ил. 
225 1 |a Труды ВНИГРИ  |v Вып. 116 
320 |a Библиогр.: с. 209-218. 
606 1 |a Геология прикладная  |2 stltpush  |3 (RuTPU)RU\TPU\subj\6119  |9 34077 
610 1 |a осадочные толщи 
610 1 |a палеомагнетизм 
610 1 |a Туркмения 
610 1 |a исследования 
610 1 |a палеомагнитные работы 
675 |a 550.8  |v 3 
700 1 |a Храмов  |b А. Н.  |g Алексей Никитич 
801 1 |a RU  |b 63413507  |c 20150217 
801 2 |a RU  |b 63413507  |c 20151103  |g RCR 
942 |c BK